00571cam a22001931 4500001001300000003000400013005001700017008004100034010001700075035002000092040002100112042001200133050001600145100002500161245012000186260003500306300002000341650001600361he 67000297 DLC20260227111443.0840307s1966 is 000 0 heb  ahe 67000297  a(OCoLC)19158773 aDLCcMHdCUdDLC apremarc00aBF145b.A531 aʻAḳavya, Uriʼel.10aMaduʻa atah mitnaheg kakhah? :bmekhanizmim ḥiyuviyim u-sheliliyim shel histaglut ṿe-hitgonenut psikhologiyot. aTel Aviv :bYizraʻel,c[1966] a64 p. ;c22 cm. 0aPsychology.